|
|
|
|
| LEADER |
00000nab a2200000 a 4500 |
| 001 |
vtls000663755 |
| 003 |
SK-MaSNL |
| 005 |
20260305024623.0 |
| 008 |
160322c1998 xo 0 slo |
| 015 |
|
|
|a SNBRB1998/08-22099
|
| 035 |
|
|
|a CLN000015941
|
| 040 |
|
|
|a SNKBUCL
|b slo
|c SNKBUCL
|e AACR2
|
| 041 |
0 |
|
|a slo
|
| 044 |
|
|
|a xo
|c SK
|
| 080 |
|
|
|a 943.76-051"18"
|2 UDC-MRF-SK2
|
| 080 |
|
|
|a 929 Hýroš, Štefan Nikolaj
|2 UDC-MRF-SK2
|
| 100 |
1 |
|
|a Vrlík, Peter,
|c ml.
|4 aut
|9 124532
|
| 245 |
1 |
0 |
|a Historik Liptova
|c Peter Vrlík ml.
|
| 300 |
|
|
|b Fotogr.
|
| 600 |
1 |
7 |
|a Hýroš, Štefan Nikolaj,
|d 1813-1888
|2 snkbucl
|9 169824
|
| 655 |
|
7 |
|a články z novín a časopisov
|2 snkbucl
|9 267496
|
| 773 |
0 |
|
|t Slovenská republika
|g Roč. 6, č. 185 (11.8.1998), s. 9
|
| 850 |
|
|
|a Slovenská národná knižnica v Martine
|
| 852 |
|
|
|a SNK
|b KIS3GCP
|
| 958 |
|
|
|a SK
|
| 958 |
|
|
|a BX
|
| 958 |
|
|
|a RBX
|
| 999 |
|
|
|c 3303821
|d 3305751
|